Ceny energetických zdrojů a začlenění externalit do kalkulací
Charakteristika pojmu externality (externality negatívne, pozitívne). Identifikácia a kvantifikácia externalít v palivovo-energetickom odvetví. Externality a sociálne náklady v úvahách o energetickej politike.
Guardado en:
| Autor principal: | |
|---|---|
| Formato: | Capítulo de libro |
| Lenguaje: | checo |
| Materias: | |
| Etiquetas: |
Sin Etiquetas, Sea el primero en etiquetar este registro!
|
MARC
| LEADER | 00000naa a2200000 4500 | ||
|---|---|---|---|
| 001 | r016687 | ||
| 005 | 20221205090645.4 | ||
| 041 | 0 | |a cze | |
| 044 | |a CZ | ||
| 245 | 1 | 0 | |a Ceny energetických zdrojů a začlenění externalit do kalkulací |c Miroslav Farský |
| 520 | |a Charakteristika pojmu externality (externality negatívne, pozitívne). Identifikácia a kvantifikácia externalít v palivovo-energetickom odvetví. Externality a sociálne náklady v úvahách o energetickej politike. | ||
| 610 | 2 | 0 | |a externality |
| 610 | 2 | 0 | |a zdroje energetické |
| 610 | 2 | 0 | |a ceny |
| 610 | 2 | 0 | |a priemysel palivovo-energetický |
| 610 | 2 | 0 | |a náklady sociálne |
| 610 | 2 | 0 | |a Česko |
| 100 | 1 | |a Farský, Miroslav | |